| 000 | 00692nac a22002171u 4500 | ||
|---|---|---|---|
| 010 | _a 86003171 | ||
| 020 | _a0091641101 : | ||
| 082 | 0 | 0 |
_a362.2 _bBUS |
| 090 |
_c6908 _d6908 |
||
| 100 | _aBusfield, Joan. | ||
| 245 | 1 | 0 |
_aManaging madness : _bchanging ideas and practice / _cJoan Busfield. |
| 260 |
_aLondon ; _aDover, N.H. : _bHutchinson,1986 _c1986. |
||
| 300 |
_a406 p. ; _c25 cm. |
||
| 500 | _aIncludes indexes. | ||
| 500 | _adistributer: Al-Ahram | ||
| 504 | _aBibliography: p. [372]-392. | ||
| 511 | _acatalogued by: wessam | ||
| 650 | 0 |
_aPsychiatry _xPhilosophy. |
|
| 650 | 0 |
_aPsychiatric hospitals _xHistory. |
|
| 942 |
_cBB _k362.2BUS |
||
| 999 |
_c6908 _d6908 |
||